00305nam a2200109 a 4500008004100000050001500041100002200056245004200078260005000120300001600170350000900186120416s1968 ||||||||||||||||| || u aTP 548 Ber aBerry, Cyril J. J10aWinemaking with canned or dried fruit aAndover, [Hants]bThe Amateur Winemakerc1968 a91p. : ill. a0.00